[Event "British Rapidplay Championship 2023"]
[Site "Mercure Bradford, Bankfield Hotel"]
[Date "2023.04.16"]
[Round "10.21"]
[White "Holi, Siefaldin A"]
[Black "Ezzo, Talal"]
[Result "1/2-1/2"]
[TimeControl "All moves in 15 minutes plus 10 second increment per move from move 1"]
[WhiteElo "1644"]
[BlackElo "1637"]

1. d4 {[%clk 00:15:18]} {[%emt 00:00:02]} Nf6 {[%clk 00:15:18]} {[%emt
00:00:02]} 2. Nc3 {[%clk 00:15:25]} {[%emt 00:00:04]} d5 {[%clk 00:15:09]}
{[%emt 00:00:18]} 3. h3 {[%clk 00:15:30]} {[%emt 00:00:05]} Bf5 {[%clk
00:14:59]} {[%emt 00:00:21]} 4. g4 {[%clk 00:15:35]} {[%emt 00:00:04]} Bg6
{[%clk 00:15:01]} {[%emt 00:00:08]} 5. Nf3 {[%clk 00:15:15]} {[%emt 00:00:31]}
e6 {[%clk 00:14:54]} {[%emt 00:00:16]} 6. Ne5 {[%clk 00:15:15]} {[%emt
00:00:10]} c5 {[%clk 00:14:21]} {[%emt 00:00:43]} 7. Nxg6 {[%clk 00:15:07]}
{[%emt 00:00:14]} hxg6 {[%clk 00:14:30]} 8. Bg2 {[%clk 00:15:06]} {[%emt
00:00:15]} Nc6 {[%clk 00:13:53]} {[%emt 00:00:48]} 9. e3 {[%clk 00:14:05]}
{[%emt 00:01:10]} Qb6 {[%clk 00:13:59]} {[%emt 00:00:05]} 10. Bd2 {[%clk
00:13:43]} {[%emt 00:00:32]} cxd4 {[%clk 00:13:30]} {[%emt 00:00:39]} 11. exd4
{[%clk 00:13:45]} {[%emt 00:00:08]} Qxd4 {[%clk 00:13:35]} {[%emt 00:00:05]} 12.
O-O {[%clk 00:13:17]} {[%emt 00:00:38]} Qb6 {[%clk 00:11:58]} {[%emt 00:01:48]}
13. a4 {[%clk 00:12:10]} {[%emt 00:01:16]} a6 {[%clk 00:11:29]} {[%emt
00:00:39]} 14. a5 {[%clk 00:11:31]} {[%emt 00:00:50]} Qc7 {[%clk 00:11:32]}
{[%emt 00:00:07]} 15. Be3 {[%clk 00:11:14]} {[%emt 00:00:21]} Nxa5 {[%clk
00:10:41]} {[%emt 00:01:06]} 16. Na4 {[%clk 00:11:07]} {[%emt 00:00:17]} Nc4
{[%clk 00:10:31]} {[%emt 00:00:20]} 17. Bd4 {[%clk 00:10:00]} {[%emt 00:01:17]}
b5 {[%clk 00:09:46]} {[%emt 00:00:56]} 18. Nc3 {[%clk 00:09:54]} {[%emt
00:00:15]} Bc5 {[%clk 00:08:57]} {[%emt 00:00:59]} 19. Nxb5 {[%clk 00:09:47]}
{[%emt 00:00:17]} Qb6 {[%clk 00:08:41]} {[%emt 00:00:26]} 20. Bxc5 {[%clk
00:07:46]} {[%emt 00:02:12]} Qxc5 {[%clk 00:08:49]} {[%emt 00:00:02]} 21. Nc3
{[%clk 00:07:08]} {[%emt 00:00:47]} Nxb2 {[%clk 00:08:40]} {[%emt 00:00:19]} 22.
Qe1 {[%clk 00:06:57]} {[%emt 00:00:21]} O-O {[%clk 00:08:29]} {[%emt 00:00:22]}
23. Ra2 {[%clk 00:06:17]} {[%emt 00:00:49]} Nc4 {[%clk 00:08:22]} {[%emt
00:00:17]} 24. Na4 {[%clk 00:06:10]} {[%emt 00:00:17]} Qc7 {[%clk 00:07:02]}
{[%emt 00:01:30]} 25. Qe2 {[%clk 00:05:58]} {[%emt 00:00:22]} Rfb8 {[%clk
00:06:34]} {[%emt 00:00:39]} 26. f4 {[%clk 00:06:03]} {[%emt 00:00:04]} Qa7+
{[%clk 00:06:21]} {[%emt 00:00:23]} 27. Kh1 {[%clk 00:06:06]} {[%emt 00:00:06]}
Ne3 {[%clk 00:06:10]} {[%emt 00:00:22]} 28. Re1 {[%clk 00:04:48]} {[%emt
00:01:28]} Nxg2 {[%clk 00:06:17]} {[%emt 00:00:03]} 29. Kxg2 {[%clk 00:04:43]}
{[%emt 00:00:15]} Rb4 {[%clk 00:05:02]} {[%emt 00:01:25]} 30. Qf3 {[%clk
00:03:01]} {[%emt 00:01:51]} Qc7 {[%clk 00:03:23]} {[%emt 00:01:50]} 31. Re5
{[%clk 00:02:36]} {[%emt 00:00:35]} Qc4 {[%clk 00:02:22]} {[%emt 00:01:11]} 32.
Nc3 {[%clk 00:02:00]} {[%emt 00:00:46]} Qxf4 {[%clk 00:02:18]} {[%emt
00:00:15]} 33. Qxf4 {[%clk 00:02:07]} {[%emt 00:00:03]} Rxf4 {[%clk 00:02:26]}
{[%emt 00:00:02]} 34. Kg3 {[%clk 00:01:49]} {[%emt 00:00:28]} Rc4 {[%clk
00:02:31]} {[%emt 00:00:06]} 35. Na4 {[%clk 00:01:47]} {[%emt 00:00:11]} Ne4+
{[%clk 00:02:24]} {[%emt 00:00:17]} 36. Kg2 {[%clk 00:01:45]} {[%emt 00:00:13]}
Rac8 {[%clk 00:02:21]} {[%emt 00:00:13]} 37. c3 {[%clk 00:01:45]} {[%emt
00:00:10]} Nxc3 {[%clk 00:01:49]} {[%emt 00:00:41]} 38. Nxc3 {[%clk 00:01:53]}
{[%emt 00:00:02]} Rxc3 {[%clk 00:01:58]} {[%emt 00:00:02]} 39. Rxa6 {[%clk
00:01:58]} {[%emt 00:00:05]} Rb8 {[%clk 00:01:57]} {[%emt 00:00:11]} 40. Re2
{[%clk 00:02:04]} {[%emt 00:00:05]} Rcb3 {[%clk 00:02:04]} {[%emt 00:00:02]} 41.
Raa2 {[%clk 00:02:12]} {[%emt 00:00:03]} Kf8 {[%clk 00:02:07]} {[%emt
00:00:07]} 42. Rf2 {[%clk 00:02:15]} {[%emt 00:00:06]} Ke7 {[%clk 00:02:16]}
{[%emt 00:00:02]} 43. Ra7+ {[%clk 00:02:22]} {[%emt 00:00:03]} R8b7 {[%clk
00:02:24]} {[%emt 00:00:02]} 44. Raa2 {[%clk 00:02:28]} {[%emt 00:00:03]} e5
{[%clk 00:02:30]} {[%emt 00:00:04]} 45. g5 {[%clk 00:02:36]} {[%emt 00:00:02]}
Ke6 {[%clk 00:02:37]} {[%emt 00:00:03]} 46. Ra6+ {[%clk 00:02:36]} {[%emt
00:00:11]} R7b6 {[%clk 00:02:45]} {[%emt 00:00:01]} 47. Ra7 {[%clk 00:02:45]}
{[%emt 00:00:01]} Rb7 {[%clk 00:02:49]} {[%emt 00:00:06]} 48. Ra6+ {[%clk
00:02:54]} {[%emt 00:00:01]} Ke7 {[%clk 00:02:58]} 49. Re2 {[%clk 00:02:41]}
{[%emt 00:00:24]} e4 {[%clk 00:02:53]} {[%emt 00:00:14]} 50. Rd2 {[%clk
00:02:50]} {[%emt 00:00:01]} Rd7 {[%clk 00:02:58]} {[%emt 00:00:05]} 51. Ra5
{[%clk 00:02:50]} {[%emt 00:00:10]} Ke6 {[%clk 00:03:01]} {[%emt 00:00:08]} 52.
Ra6+ {[%clk 00:02:53]} {[%emt 00:00:07]} Ke5 {[%clk 00:03:07]} {[%emt
00:00:03]} 53. Kf1 {[%clk 00:02:34]} {[%emt 00:00:29]} Rc7 {[%clk 00:03:03]}
{[%emt 00:00:15]} 54. Ra5 {[%clk 00:02:34]} {[%emt 00:00:09]} Rc1+ {[%clk
00:03:05]} {[%emt 00:00:08]} 55. Ke2 {[%clk 00:02:41]} {[%emt 00:00:02]} Rd3
{[%clk 00:02:07]} {[%emt 00:17:07]} 56. Rxd3 {[%clk 00:02:36]} exd3+ {[%clk
00:02:16]} 57. Kxd3 {[%clk 00:02:44]} Rh1 {[%clk 00:02:14]} 58. Ra7 {[%clk
00:02:39]} Rxh3+ {[%clk 00:02:21]} 59. Ke2 {[%clk 00:02:47]} Ke6 {[%clk
00:02:03]} 60. Ra6+ {[%clk 00:02:51]} Kf5 {[%clk 00:02:11]} 61. Ra7 {[%clk
00:02:37]} Kxg5 {[%clk 00:02:12]} 62. Rxf7 {[%clk 00:02:43]} Rh2+ {[%clk
00:02:11]} 63. Kd3 {[%clk 00:02:44]} Kh6 {[%clk 00:02:11]} 64. Rf8 {[%clk
00:02:35]} Rh3+ {[%clk 00:02:08]} 65. Kd4 {[%clk 00:02:44]} Rh5 {[%clk
00:02:11]} 66. Re8 {[%clk 00:02:27]} Rf5 {[%clk 00:02:10]} 67. Rh8+ {[%clk
00:02:28]} Kg5 {[%clk 00:02:18]} 68. Rg8 {[%clk 00:02:30]} Kf4 {[%clk
00:01:44]} 69. Rxg7 {[%clk 00:02:32]} g5 {[%clk 00:01:52]} 70. Rh7 {[%clk
00:02:27]} g4 {[%clk 00:02:01]} 71. Rh1 {[%clk 00:02:36]} Kg3 {[%clk 00:02:07]}
72. Rg1+ {[%clk 00:02:37]} Kh3 {[%clk 00:02:07]} 73. Ke3 {[%clk 00:02:31]} Rf3+
{[%clk 00:02:08]} 74. Kd4 {[%clk 00:02:40]} Kh4 {[%clk 00:01:55]} 75. Kxd5
{[%clk 00:02:46]} g3 {[%clk 00:02:02]} 76. Ke4 {[%clk 00:02:55]} Ra3 {[%clk
00:02:11]} 77. Kf4 {[%clk 00:02:51]} Ra4+ {[%clk 00:02:19]} 78. Kf3 {[%clk
00:03:00]} Ra3+ {[%clk 00:02:19]} 79. Kf4 {[%clk 00:03:09]} Kh3 {[%clk
00:02:02]} 80. Rh1+ {[%clk 00:01:35]} Kg2 {[%clk 00:02:10]} 81. Rh8 {[%clk
00:01:15]} Kf2 {[%clk 00:01:36]} 82. Kg4 {[%clk 00:00:27]} g2 {[%clk 00:01:37]}
83. Rf8+ {[%clk 00:00:35]} Kg1 {[%clk 00:01:08]} 84. Rf7 {[%clk 00:00:34]} Ra4+
{[%clk 00:00:36]} 85. Kg3 {[%clk 00:00:42]} Ra6 {[%clk 00:00:34]} 86. Rg7
{[%clk 00:00:39]} Rf6 {[%clk 00:00:37]} 87. Ra7 {[%clk 00:00:30]} Kh1 {[%clk
00:00:37]} 88. Rh7+ {[%clk 00:00:38]} Kg1 {[%clk 00:00:44]} 89. Rb7 {[%clk
00:00:48]} Rg6+ {[%clk 00:00:29]} 90. Kf3 {[%clk 00:00:49]} Kh2 {[%clk
00:00:26]} 91. Rh7+ {[%clk 00:00:57]} Kg1 {[%clk 00:00:34]} 92. Rb7 {[%clk
00:01:04]} Rd6 {[%clk 00:00:32]} 93. Rg7 {[%clk 00:00:34]} {[%emt 00:00:13]}
Rd3+ {[%clk 00:00:35]} {[%emt 00:00:07]} 94. Ke2 {[%clk 00:00:30]} {[%emt
00:00:15]} Ra3 {[%clk 00:00:39]} {[%emt 00:00:06]} 95. Rg6 {[%clk 00:00:38]}
{[%emt 00:00:01]} Ra1 {[%clk 00:00:40]} {[%emt 00:00:10]} 96. Kf3 {[%clk
00:00:43]} {[%emt 00:00:04]} Rf1+ {[%clk 00:00:45]} {[%emt 00:00:05]} 97. Kg3
{[%clk 00:00:45]} {[%emt 00:00:08]} Rf2 {[%clk 00:00:50]} {[%emt 00:00:05]} 98.
Ra6 {[%clk 00:00:42]} {[%emt 00:00:13]} Rf1 {[%clk 00:00:46]} {[%emt 00:00:14]}
99. Ra2 {[%emt 00:00:33]} 1/2-1/2

[Event "British Rapidplay Championship 2023"]
[Site "Mercure Bradford, Bankfield Hotel"]
[Date "2023.04.16"]
[Round "10.22"]
[White "Rogowski, Rafal"]
[Black "Redmond, Nigel"]
[Result "1/2-1/2"]
[TimeControl "All moves in 15 minutes plus 10 second increment per move from move 1"]
[WhiteElo "1291"]
[BlackElo "1656"]

1. d4 {[%clk 00:15:19]} d5 {[%clk 00:15:15]} {[%emt 00:00:06]} 2. Nf3 {[%clk
00:15:26]} {[%emt 00:00:02]} Nd7 {[%clk 00:15:08]} {[%emt 00:00:17]} 3. c4
{[%clk 00:15:09]} {[%emt 00:00:28]} e6 {[%clk 00:14:48]} {[%emt 00:00:29]} 4.
Nc3 {[%clk 00:14:57]} {[%emt 00:00:23]} c6 {[%clk 00:14:45]} {[%emt 00:00:13]}
5. Bf4 {[%clk 00:13:59]} {[%emt 00:01:07]} Ngf6 {[%clk 00:14:11]} {[%emt
00:00:45]} 6. e3 {[%clk 00:14:01]} {[%emt 00:00:08]} Be7 {[%clk 00:14:09]}
{[%emt 00:00:12]} 7. Bd3 {[%clk 00:13:54]} {[%emt 00:00:17]} dxc4 {[%clk
00:14:15]} {[%emt 00:00:05]} 8. Bxc4 {[%clk 00:14:01]} {[%emt 00:00:02]} b5
{[%clk 00:14:14]} {[%emt 00:00:10]} 9. Bd3 {[%clk 00:14:06]} {[%emt 00:00:06]}
a6 {[%clk 00:14:19]} {[%emt 00:00:05]} 10. O-O {[%clk 00:13:48]} {[%emt
00:00:28]} c5 {[%clk 00:14:08]} {[%emt 00:00:21]} 11. b3 {[%clk 00:12:32]}
{[%emt 00:01:26]} Bb7 {[%clk 00:13:54]} {[%emt 00:00:24]} 12. Qe2 {[%clk
00:11:48]} {[%emt 00:00:54]} Rc8 {[%clk 00:13:29]} {[%emt 00:00:35]} 13. Rac1
{[%clk 00:11:06]} {[%emt 00:00:52]} O-O {[%clk 00:12:50]} {[%emt 00:00:50]} 14.
Rc2 {[%clk 00:10:15]} {[%emt 00:01:00]} cxd4 {[%clk 00:12:39]} {[%emt
00:00:22]} 15. exd4 {[%clk 00:09:57]} {[%emt 00:00:27]} Qa5 {[%clk 00:11:20]}
{[%emt 00:01:29]} 16. Rfc1 {[%clk 00:09:55]} {[%emt 00:00:12]} Ba3 {[%clk
00:10:54]} {[%emt 00:00:37]} 17. Ne4 {[%clk 00:05:46]} {[%emt 00:04:17]} Bxc1
{[%clk 00:10:25]} {[%emt 00:00:39]} 18. Nxf6+ {[%clk 00:05:31]} {[%emt
00:00:25]} Nxf6 {[%clk 00:10:29]} {[%emt 00:00:06]} 19. Bxc1 {[%clk 00:05:06]}
{[%emt 00:00:35]} Rxc2 {[%clk 00:10:21]} {[%emt 00:00:18]} 20. Bxc2 {[%clk
00:05:05]} {[%emt 00:00:11]} Rc8 {[%clk 00:09:59]} {[%emt 00:00:32]} 21. Bb2
{[%clk 00:03:55]} {[%emt 00:01:20]} Qc7 {[%clk 00:08:06]} {[%emt 00:02:02]} 22.
Bd3 {[%clk 00:03:48]} {[%emt 00:00:18]} Bd5 {[%clk 00:07:42]} {[%emt 00:00:34]}
23. Ng5 {[%clk 00:03:30]} {[%emt 00:00:28]} Qf4 {[%clk 00:06:21]} {[%emt
00:01:31]} 24. Nh3 {[%clk 00:02:24]} {[%emt 00:01:17]} Qh4 {[%clk 00:04:16]}
{[%emt 00:02:14]} 25. f3 {[%clk 00:02:12]} {[%emt 00:00:23]} Qh6 {[%clk
00:03:08]} {[%emt 00:01:17]} 26. Nf2 {[%clk 00:02:10]} {[%emt 00:00:13]} Rc7
{[%clk 00:02:52]} {[%emt 00:00:25]} 27. Nh3 {[%clk 00:02:06]} {[%emt 00:00:14]}
Rc8 {[%clk 00:02:04]} {[%emt 00:00:59]} 28. Nf2 {[%clk 00:02:14]} {[%emt
00:00:02]} 1/2-1/2

[Event "British Rapidplay Championship 2023"]
[Site "Mercure Bradford, Bankfield Hotel"]
[Date "2023.04.16"]
[Round "10.23"]
[White "Bennett, Eric"]
[Black "Manavalan, Keerthi Kumar"]
[Result "1-0"]
[TimeControl "All moves in 15 minutes plus 10 second increment per move from move 1"]
[WhiteElo "1730"]
[BlackElo "1419"]

1. f4 {[%clk 00:14:16]} {[%emt 00:01:03]} c5 {[%clk 00:15:09]} {[%emt
00:00:13]} 2. Nf3 {[%clk 00:14:24]} {[%emt 00:00:02]} d6 {[%clk 00:15:16]}
{[%emt 00:00:03]} 3. e3 {[%clk 00:14:32]} {[%emt 00:00:02]} Nf6 {[%clk
00:15:19]} {[%emt 00:00:07]} 4. d4 {[%clk 00:14:30]} {[%emt 00:00:12]} cxd4
{[%clk 00:15:25]} {[%emt 00:00:04]} 5. exd4 {[%clk 00:14:38]} {[%emt 00:00:02]}
g6 {[%clk 00:15:17]} {[%emt 00:00:18]} 6. c3 {[%clk 00:14:46]} {[%emt
00:00:01]} Bg7 {[%clk 00:15:16]} {[%emt 00:00:12]} 7. Bc4 {[%clk 00:14:54]}
{[%emt 00:00:02]} O-O {[%clk 00:14:33]} {[%emt 00:00:53]} 8. O-O {[%clk
00:15:01]} {[%emt 00:00:03]} Bg4 {[%clk 00:14:35]} {[%emt 00:00:08]} 9. h3
{[%clk 00:15:09]} {[%emt 00:00:02]} Bxf3 {[%clk 00:14:41]} {[%emt 00:00:03]} 10.
Qxf3 {[%clk 00:15:18]} {[%emt 00:00:02]} d5 {[%clk 00:14:34]} {[%emt 00:00:18]}
11. Bd3 {[%clk 00:15:26]} {[%emt 00:00:02]} e6 {[%clk 00:14:19]} {[%emt
00:00:25]} 12. Nd2 {[%clk 00:15:34]} {[%emt 00:00:02]} Nc6 {[%clk 00:14:22]}
{[%emt 00:00:07]} 13. Re1 {[%clk 00:15:42]} {[%emt 00:00:02]} Rc8 {[%clk
00:13:44]} {[%emt 00:00:47]} 14. Nf1 {[%clk 00:15:49]} {[%emt 00:00:03]} Qb6
{[%clk 00:13:33]} {[%emt 00:00:22]} 15. Kh1 {[%clk 00:15:48]} {[%emt 00:00:11]}
Rfe8 {[%clk 00:13:28]} {[%emt 00:00:13]} 16. a4 {[%clk 00:15:51]} {[%emt
00:00:08]} Na5 {[%clk 00:13:05]} {[%emt 00:00:33]} 17. Qe2 {[%clk 00:15:48]}
{[%emt 00:00:13]} Nb3 {[%clk 00:12:24]} {[%emt 00:00:52]} 18. Rb1 {[%clk
00:15:56]} {[%emt 00:00:01]} Nxc1 {[%clk 00:12:27]} {[%emt 00:00:07]} 19. Rexc1
{[%clk 00:16:04]} {[%emt 00:00:02]} Nh5 {[%clk 00:11:30]} {[%emt 00:01:06]} 20.
Qf3 {[%clk 00:16:10]} {[%emt 00:00:05]} Qd6 {[%clk 00:11:18]} {[%emt 00:00:22]}
21. g3 {[%clk 00:16:17]} {[%emt 00:00:04]} Rc7 {[%clk 00:10:07]} {[%emt
00:01:21]} 22. Kg2 {[%clk 00:16:19]} {[%emt 00:00:06]} Rec8 {[%clk 00:10:11]}
{[%emt 00:00:06]} 23. Ne3 {[%clk 00:16:23]} {[%emt 00:00:07]} Bxd4 {[%clk
00:09:42]} {[%emt 00:00:39]} 24. Ng4 {[%clk 00:16:31]} {[%emt 00:00:02]} Bg7
{[%clk 00:09:08]} {[%emt 00:00:44]} 25. Re1 {[%clk 00:16:39]} {[%emt 00:00:02]}
Nf6 {[%clk 00:09:06]} {[%emt 00:00:13]} 26. Ne5 {[%clk 00:16:46]} {[%emt
00:00:03]} Nd7 {[%clk 00:08:37]} {[%emt 00:00:39]} 27. Nxd7 {[%clk 00:16:47]}
{[%emt 00:00:09]} Qxd7 {[%clk 00:08:01]} {[%emt 00:00:46]} 28. Bb5 {[%clk
00:16:54]} {[%emt 00:00:02]} Qd6 {[%clk 00:08:01]} {[%emt 00:00:11]} 29. Rbd1
{[%clk 00:17:02]} {[%emt 00:00:02]} a6 {[%clk 00:07:45]} {[%emt 00:00:26]} 30.
Bd3 {[%clk 00:17:09]} {[%emt 00:00:02]} Qb6 {[%clk 00:07:30]} {[%emt 00:00:25]}
31. Re2 {[%clk 00:17:14]} {[%emt 00:00:06]} Qb3 {[%clk 00:07:13]} {[%emt
00:00:26]} 32. Ra1 {[%clk 00:17:16]} {[%emt 00:00:09]} Qb6 {[%clk 00:06:21]}
{[%emt 00:01:01]} 33. a5 {[%clk 00:17:23]} {[%emt 00:00:03]} Qd6 {[%clk
00:06:11]} {[%emt 00:00:20]} 34. g4 {[%clk 00:17:31]} {[%emt 00:00:02]} Rc5
{[%clk 00:05:43]} {[%emt 00:00:38]} 35. f5 {[%clk 00:17:30]} {[%emt 00:00:11]}
Qd8 {[%clk 00:05:17]} {[%emt 00:00:37]} 36. fxe6 {[%clk 00:17:33]} {[%emt
00:00:07]} fxe6 {[%clk 00:05:16]} {[%emt 00:00:11]} 37. Rxe6 {[%clk 00:17:41]}
{[%emt 00:00:02]} Rxa5 {[%clk 00:04:44]} {[%emt 00:00:41]} 38. Rae1 {[%clk
00:17:49]} {[%emt 00:00:02]} Qg5 {[%clk 00:03:13]} {[%emt 00:01:41]} 39. Re8+
{[%clk 00:17:54]} {[%emt 00:00:05]} Rxe8 {[%clk 00:03:22]} {[%emt 00:00:02]} 40.
Rxe8+ {[%clk 00:18:03]} {[%emt 00:00:01]} Bf8 {[%emt 00:00:24]} 41. Qxf8#
{[%emt 00:00:02]} 1-0

[Event "British Rapidplay Championship 2023"]
[Site "Mercure Bradford, Bankfield Hotel"]
[Date "2023.04.16"]
[Round "10.24"]
[White "Galloway, Peter"]
[Black "Cuaresma, Bien"]
[Result "1-0"]
[TimeControl "All moves in 15 minutes plus 10 second increment per move from move 1"]
[WhiteElo "1324"]
[BlackElo "1606"]

1. e4 {[%clk 00:15:17]} {[%emt 00:00:03]} d6 {[%clk 00:15:18]} {[%emt
00:00:03]} 2. d4 {[%clk 00:15:06]} {[%emt 00:00:21]} c6 {[%clk 00:15:26]}
{[%emt 00:00:02]} 3. Nf3 {[%clk 00:15:13]} {[%emt 00:00:03]} Nd7 {[%clk
00:15:27]} {[%emt 00:00:09]} 4. Bc4 {[%clk 00:15:18]} {[%emt 00:00:05]} e6
{[%clk 00:15:32]} {[%emt 00:00:03]} 5. O-O {[%clk 00:15:11]} {[%emt 00:00:18]}
Be7 {[%clk 00:15:38]} {[%emt 00:00:05]} 6. Be3 {[%clk 00:14:44]} {[%emt
00:00:38]} h6 {[%clk 00:15:36]} {[%emt 00:00:11]} 7. Nbd2 {[%clk 00:14:23]}
{[%emt 00:00:32]} Bf6 {[%clk 00:15:25]} {[%emt 00:00:21]} 8. c3 {[%clk
00:14:25]} {[%emt 00:00:07]} a5 {[%clk 00:15:26]} {[%emt 00:00:10]} 9. b4
{[%clk 00:13:59]} {[%emt 00:00:37]} b5 {[%clk 00:15:28]} {[%emt 00:00:07]} 10.
Bd3 {[%clk 00:13:51]} {[%emt 00:00:18]} axb4 {[%clk 00:15:12]} {[%emt
00:00:25]} 11. cxb4 {[%clk 00:13:56]} {[%emt 00:00:06]} Nb6 {[%clk 00:14:09]}
{[%emt 00:01:13]} 12. Bc2 {[%clk 00:13:32]} {[%emt 00:00:35]} d5 {[%clk
00:13:23]} {[%emt 00:00:55]} 13. e5 {[%clk 00:13:18]} {[%emt 00:00:25]} Be7
{[%clk 00:13:26]} {[%emt 00:00:05]} 14. a3 {[%clk 00:12:56]} {[%emt 00:00:33]}
Na4 {[%clk 00:12:13]} {[%emt 00:01:24]} 15. Bxa4 {[%clk 00:12:36]} {[%emt
00:00:30]} Rxa4 {[%clk 00:12:17]} {[%emt 00:00:03]} 16. Nb3 {[%clk 00:12:00]}
{[%emt 00:00:47]} h5 {[%clk 00:10:21]} {[%emt 00:02:07]} 17. Qc2 {[%clk
00:11:51]} {[%emt 00:00:20]} Nh6 {[%clk 00:10:14]} {[%emt 00:00:16]} 18. Qxc6+
{[%clk 00:11:46]} {[%emt 00:00:16]} Bd7 {[%clk 00:10:23]} 19. Qc2 {[%emt
00:01:21]} Nf5 {[%clk 00:09:41]} 20. Rfe1 {[%clk 00:09:32]} {[%emt 00:02:06]}
O-O {[%clk 00:09:32]} {[%emt 00:00:18]} 21. Nc5 {[%clk 00:09:12]} {[%emt
00:00:31]} Ra7 {[%clk 00:09:33]} {[%emt 00:00:09]} 22. Qb2 {[%clk 00:07:52]}
{[%emt 00:01:29]} Bc6 {[%clk 00:09:15]} {[%emt 00:00:28]} 23. Rec1 {[%clk
00:07:11]} {[%emt 00:00:52]} Qa8 {[%clk 00:08:26]} {[%emt 00:00:59]} 24. Rc3
{[%clk 00:06:39]} {[%emt 00:00:42]} Rc8 {[%clk 00:07:03]} {[%emt 00:01:33]} 25.
Rac1 {[%clk 00:05:08]} {[%emt 00:01:41]} Be8 {[%clk 00:06:38]} {[%emt
00:00:34]} 26. h3 {[%clk 00:03:31]} {[%emt 00:01:48]} Rac7 {[%clk 00:01:40]}
{[%emt 00:05:09]} 27. Ra1 {[%clk 00:02:45]} {[%emt 00:00:56]} Rxc5 {[%clk
00:01:25]} {[%emt 00:00:22]} 28. bxc5 {[%clk 00:02:29]} {[%emt 00:00:27]} Bc6
{[%clk 00:01:31]} {[%emt 00:00:04]} 29. Rb3 {[%clk 00:02:01]} {[%emt 00:00:39]}
1-0